000 00753nam a2200253Ia 4500
003 OSt
005 20220926000852.0
006 a|||||r|||| 00| 0
007 ta
008 220923b |||||||| |||| 00| 0 eng d
037 _cGeneral Book
040 _aRTL
_cRTL
_beng
041 _2eng
_aeng
082 _aY9(L), M7
100 _aLal Sheo Kumar
_9138753
245 0 _aMedical care
_b Readings in Medical Sociology
260 _a New Delhi
_bJainsons Publications
_c1987
300 _avii, 254p
_ccm.
500 _aBibiliography chapterwise
650 _aSociology of Medicine
700 _a Chandani Ambika Ed.
_9303123
942 _hY9(L), M7
_cGB
_2CC
999 _c599932
_d599932